[Event "Challenge"]
[Site "http://www.queenalice.com/game.php?id=755473"]
[Date "2010.4.2"]
[Round "-"]
[White "NINfem"]
[Black "shunky"]
[Result "0-1"]
[WhiteElo "1181"]
[BlackElo "1318"]

1. e4 e5 2. d3 Nh6 3. Nf3 Bc5 4. Bd2 Ng4 5. Qe2 Nxf2 6. Rg1 O-O 7. Nxe5 d6 8. d4
Bxd4 9. Nf3 Bg4 10. Nxd4 Bxe2 11. Nxe2 Qf6 12. Bf4 Nxe4 13. Nd2 Re8 14. Nxe4
Rxe4 15. g3 Qxb2 16. Rd1 Qxc2 17. Rd2 Qc3 18. Kd1 Qf3 19. h4 Qg4 20. Bg2 Ra4 21.
Rh1 Nc6 22. Bh3 Qh5 23. g4 Qxh4 24. Bg2 Qxg4 25. Bh3 Qf3 26. Rf1 Qxh3 27. Ke1
Rxa2 28. Rxa2 Nb4 29. Rd2 Re8 30. Bg3 Qxg3+ 31. Rf2 Nd3+ 32. Kf1 Qxf2# 0-1

[Event "AUTO-INT-1679"]
[Site "http://www.queenalice.com/game.php?id=764459"]
[Date "2010.4.22"]
[Round "1"]
[White "lucianochips"]
[Black "shunky"]
[Result "0-1"]
[WhiteElo "1248"]
[BlackElo "1325"]

1. e3 e5 2. d3 d5 3. f4 Nc6 4. fxe5 Nxe5 5. e4 dxe4 6. dxe4 Qh4+ 7. Kd2 Qxe4 8.
Bb5+ c6 9. Qe1 Qxg2+ 10. Kd1 Qxh1 11. Be2 Qxh2 12. Nf3 Nxf3 13. Bxf3+ Be7 14.
Nc3 Bf5 15. Be3 Qxc2# 0-1

[Event "AUTO-INT-1679"]
[Site "http://www.queenalice.com/game.php?id=764460"]
[Date "2010.4.22"]
[Round "1"]
[White "shunky"]
[Black "lucianochips"]
[Result "1-0"]
[WhiteElo "1373"]
[BlackElo "1242"]

1. e4 e6 2. d4 d6 3. Nf3 Be7 4. d5 c6 5. Nc3 exd5 6. exd5 cxd5 7. Nxd5 f5 8. c4
Qa5+ 9. b4 Qa4 10. Qxa4+ Bd7 11. Qc2 g6 12. Nc7+ Kf7 13. Nxa8 Nc6 14. b5 Nb4 15.
Qb2 Bf6 16. Qxb4 b6 17. Bb2 Bxb2 18. Qxb2 Nf6 19. Qa3 Ke7 20. Ne5 Be6 21. O-O-O
Rc8 22. Qxd6+ Ke8 23. Nc7+ Rxc7 24. Qd8# 1-0

[Event "AUTO-INT-1679"]
[Site "http://www.queenalice.com/game.php?id=764471"]
[Date "2010.4.22"]
[Round "1"]
[White "geniolucio"]
[Black "shunky"]
[Result "1-0"]
[WhiteElo "1622"]
[BlackElo "1351"]

1. e4 e5 2. Bc4 f6 3. d3 c6 4. Nf3 d5 5. exd5 cxd5 6. Bb5+ Bd7 7. Bxd7+ Qxd7 8.
O-O Nc6 9. c3 d4 10. c4 Nge7 11. Nbd2 g6 12. Ne4 Bg7 13. b3 O-O 14. Ba3 b6 15.
b4 a5 16. b5 Nb4 17. Bxb4 axb4 18. Qb3 Kh8 19. Nfd2 Bh6 20. Qxb4 f5 21. Ng3 Bxd2
22. Qxd2 Qb7 23. Rfe1 f4 24. Ne4 Nf5 25. Qb4 Qe7 26. Qxe7 Nxe7 27. Ng5 Rf5 28.
Nf3 Re8 29. Nxe5 1-0

[Event "AUTO-INT-1679"]
[Site "http://www.queenalice.com/game.php?id=764472"]
[Date "2010.4.22"]
[Round "1"]
[White "shunky"]
[Black "geniolucio"]
[Result "0-1"]
[WhiteElo "1337"]
[BlackElo "1627"]

1. e4 c5 2. f3 a6 3. d4 c4 4. Bxc4 b5 5. Bb3 e6 6. Ne2 d6 7. O-O Nf6 8. Bg5 Be7
9. Qd2 Nbd7 10. Ng3 Qb6 11. Be3 d5 12. Nc3 O-O 13. exd5 exd5 14. Bxd5 Bb4 15.
Bxa8 Qb8 16. Bc6 Nb6 17. Qd3 Nc4 18. Nd1 Qc7 19. Be4 Nxe4 20. fxe4 Nxe3 21. Nxe3
Bd6 22. e5 Be7 23. Nd5 Qa7 24. Nxe7+ Qxe7 25. Nf5 Qg5 26. Qg3 Qxg3 0-1

[Event "AUTO-INT-1679"]
[Site "http://www.queenalice.com/game.php?id=764477"]
[Date "2010.4.22"]
[Round "1"]
[White "vindaloo"]
[Black "shunky"]
[Result "0-1"]
[WhiteElo "1781"]
[BlackElo "1326"]

1. e4 c5 2. c4 Nc6 3. Nf3 e6 4. Nc3 Nf6 5. Be2 d5 6. cxd5 exd5 7. exd5 Nxd5 8.
O-O f5 9. Re1 Be7 10. Bc4 Nxc3 11. bxc3 a6 12. a4 Rb8 13. d4 b5 14. axb5 axb5
15. Bb3 c4 16. Bc2 O-O 17. d5 Na5 18. Nd4 Bc5 19. Re5 f4 20. Ne6 Bxe6 21. Rxe6
Qh4 22. g3 fxg3 23. hxg3 Qxg3+ 0-1

[Event "AUTO-INT-1679"]
[Site "http://www.queenalice.com/game.php?id=764478"]
[Date "2010.4.22"]
[Round "1"]
[White "shunky"]
[Black "vindaloo"]
[Result "1-0"]
[WhiteElo "1325"]
[BlackElo "1836"]

1. e4 c5 2. f3 e6 3. d4 cxd4 4. Qxd4 Nc6 5. Qa4 d6 6. c3 Nf6 7. Nd2 Be7 8. g3
Bd7 9. Qb5 b6 10. Nc4 Nd4 11. Qg5 O-O 12. cxd4 Nxe4 13. Qe3 Nf6 14. Bh3 Rc8 15.
b3 Bc6 16. Ne2 h6 17. O-O b5 18. Na5 Ba8 19. b4 Nd5 20. Qa3 Qb6 21. Nb3 Rc4 22.
Bd2 Bf6 23. Qb2 Nxb4 24. a3 Nd5 25. Rac1 e5 26. Ba5 Qb8 27. dxe5 Bxe5 28. Qd2 a6
29. Rxc4 bxc4 30. Nbd4 Bf6 31. Rc1 Nb6 32. Rb1 Bd8 33. Qf4 Bc7 34. Qg4 Qd8 35.
Nf5 Kh7 36. Qxg7# 1-0

[Event "Challenge"]
[Site "http://www.queenalice.com/game.php?id=767012"]
[Date "2010.4.27"]
[Round "-"]
[White "drglaucoprado"]
[Black "shunky"]
[Result "1-0"]
[WhiteElo "1443"]
[BlackElo "1349"]

1. g3 e5 2. b3 d5 3. Nf3 Nc6 4. Bb2 e4 5. Nh4 f5 6. f3 Nf6 7. fxe4 fxe4 8. d3
Bb4+ 9. c3 Ba5 10. dxe4 Nxe4 11. Bg2 O-O 12. Bxe4 dxe4 13. Qxd8 Nxd8 14. Nd2 e3
15. Nc4 b6 16. b4 Bxb4 17. cxb4 Ne6 18. Rf1 Ba6 19. Rxf8+ Rxf8 20. Nxe3 c5 21.
bxc5 Nxc5 22. Ba3 Rc8 23. Bxc5 Rxc5 24. Nhf5 Rc3 25. Nd5 Rc2 26. e3 Rxh2 27. Rc1
Rxa2 28. Rc7 Re2+ 29. Kd1 Rf2 30. e4 Bd3 31. Rxg7+ Kf8 32. Rg4 Be2+ 33. Ke1 Bxg4
34. Kxf2 b5 35. Nf6 Bh3 36. Nxh7+ Kg8 37. Ng5 Bg4 38. Ne7+ Kg7 39. Nc6 a6 40. e5
Kf8 41. e6 Ke8 42. Ke3 Bf5 43. Kd4 Bg4 44. Kc5 Be2 45. Kb6 Kf8 46. Nh3 Bg4 47.
Ng5 Be2 48. Ne4 Bc4 49. Nc3 Bxe6 50. Kxa6 b4 51. Nxb4 1-0

[Event "Challenge"]
[Site "http://www.queenalice.com/game.php?id=786464"]
[Date "2010.6.6"]
[Round "-"]
[White "chyco"]
[Black "shunky"]
[Result "1-0"]
[WhiteElo "1571"]
[BlackElo "1347"]

1. e4 c5 2. c4 Nc6 3. Nc3 g6 4. d3 e6 5. Bf4 Bg7 6. Nb5 e5 7. Be3 f5 8. exf5
gxf5 9. Qh5+ Kf8 10. Bxc5+ d6 11. Bxd6+ Nge7 12. a3 e4 13. Nh3 a6 14. Ng5 Qe8
15. Qxe8+ Kxe8 16. Nc7+ Kd7 17. Nxa8 Kxd6 18. Nf7+ Kd7 19. Nxh8 Bxh8 20. dxe4
fxe4 21. g3 Bxb2 22. Rd1+ Nd4 23. Nb6+ Kc6 24. Na4 Nf3+ 25. Ke2 Bg4 26. Nxb2
Ne5+ 27. Ke1 Bf3 28. Rg1 Bxd1 29. Kxd1 Nf3 30. Rg2 h5 31. g4 1-0

[Event "Challenge"]
[Site "http://www.queenalice.com/game.php?id=786465"]
[Date "2010.6.6"]
[Round "-"]
[White "chyco"]
[Black "shunky"]
[Result "0-1"]
[WhiteElo "1578"]
[BlackElo "1336"]

1. e4 c5 2. c4 d6 3. Nc3 Nc6 4. d3 e5 5. Be3 f5 6. Nd5 Nf6 7. Bg5 Be7 8. Be2
Nxd5 9. exd5 Bxg5 10. dxc6 bxc6 11. Qa4 Qb6 12. b3 Qb4+ 13. Qxb4 cxb4 14. Nf3
Bf6 15. Rd1 e4 16. dxe4 Bc3+ 17. Kf1 fxe4 18. Ng5 O-O 19. Nxe4 Be5 20. Bd3 d5
21. cxd5 cxd5 22. Ng5 Bf5 23. Bb5 d4 24. g3 g6 25. Kg2 Rac8 26. Rhe1 Bf6 27. Nf3
Bg4 28. Rc1 Rcd8 29. Nd2 d3 30. Re3 Bd4 31. Rce1 Bxe3 0-1

[Event "AUTO-INT-1679"]
[Site "http://www.queenalice.com/game.php?id=804202"]
[Date "2010.7.16"]
[Round "2"]
[White "vindaloo"]
[Black "shunky"]
[Result "1-0"]
[WhiteElo "1912"]
[BlackElo "1422"]

1. e4 c5 2. Nc3 Nc6 3. g3 g6 4. Bg2 Bg7 5. Nge2 e6 6. O-O Nge7 7. d3 d6 8. Be3
O-O 9. d4 Qb6 10. Rb1 cxd4 11. Nxd4 Bxd4 12. Bxd4 Qxd4 13. Qe2 e5 14. Rfd1 Qb6
15. Rxd6 Nd4 16. Rxb6 Nxe2+ 17. Nxe2 axb6 18. a3 Rd8 19. c4 1-0

[Event "AUTO-INT-1679"]
[Site "http://www.queenalice.com/game.php?id=804203"]
[Date "2010.7.16"]
[Round "2"]
[White "shunky"]
[Black "vindaloo"]
[Result "0-1"]
[WhiteElo "1422"]
[BlackElo "1910"]

1. e4 c5 2. Nf3 d6 3. d4 cxd4 4. Nxd4 Nc6 5. c3 e5 6. Nf3 Nf6 7. Nbd2 Be7 8. Bb5
O-O 9. O-O a6 10. Ba4 b5 11. Bb3 d5 12. exd5 Nxd5 13. Qe2 Nf4 14. Qe4 Bb7 15.
Re1 Qc7 16. a4 Nd4 0-1